[Event "Open"]
[Site "Montpellier FRA"]
[Date "2003.07.07"]
[Round "1"]
[White "Picard,R"]
[Black "Pert,N"]
[Result "1/2-1/2"]
[WhiteElo "2244"]
[BlackElo "2483"]

1.e4 e6 2.d4 d5 3.Nd2 Be7 4.Bd3 c5 5.dxc5 Nf6 6.Qe2 a5 7.Ngf3 Na6 8.e5 Nd7
9.c3 Naxc5 10.Bc2 b5 11.O-O b4 12.Re1 Ba6 13.Qe3 Rc8 14.cxb4 axb4 15.Nd4 Qb6
16.Qg3 g6 17.h4 Ne4 18.Nxe4 Qxd4 19.Rd1 Qxe5 20.Bf4 Qxb2 21.Ba4 Qa3 22.Bxd7+ Kxd7
23.Be3 h6 24.Qe5 Qa5 25.Nf6+ Bxf6 26.Qxf6 Qd8 27.Qxf7+ Qe7 28.Qxe7+ Kxe7
29.Rab1 Rc2 30.Rxb4 Rxa2 31.Rc1 Kf6 32.Rcb1 Ke5 33.Rd1 Be2 34.Bd4+ Kd6 35.Rdb1 Rc8
36.Rb6+ Rc6 37.Be5+ Kc5 38.Bd4+ Kd6  1/2-1/2

[Event "1st Stage Russian Cup"]
[Site "Tomsk RUS"]
[Date "2003.07.07"]
[Round "4"]
[White "Grunina,N"]
[Black "Lavrov,S"]
[Result "0-1"]
[WhiteElo "2181"]
[BlackElo "2414"]

1.e4 e6 2.d4 d5 3.Nd2 a6 4.Ngf3 c5 5.exd5 exd5 6.dxc5 Bxc5 7.Nb3 Ba7 8.Bd3 Qe7+
9.Qe2 Nc6 10.c3 Bg4 11.Qxe7+ Ngxe7 12.O-O Bxf3 13.gxf3 O-O-O 14.Re1 Ng6 15.Be3 Nh4
16.Be2 Rhe8 17.Bxa7 Nxa7 18.Nd4 Kc7 19.Rad1 Nc6 20.Nxc6 Kxc6 21.Kf1 Nf5 22.Bd3 Nd6
23.Re2 Rxe2 24.Bxe2 Nf5 25.Bd3 Nh4 26.Be2 g5 27.Rd4 Ng6 28.Bd1 Nf4 29.a4 Rd6
30.a5 Rh6 31.Kg1 Rh4 32.Ba4+ Kc5 33.b4+ Kd6 34.Rd2 Ke5 35.Bd7 Kd6 36.Be8 f5
37.Ba4 Rh6 38.c4 Ke5 39.cxd5 Nxd5 40.Bb3 Nf4 41.Rd7 Rc6 42.h3 Nxh3+ 43.Kg2 Nf4+
44.Kg3 Rh6  0-1

[Event "1st Stage Russian Cup"]
[Site "Tomsk RUS"]
[Date "2003.07.08"]
[Round "5"]
[White "Kabanov,N"]
[Black "Kravtsov,S"]
[Result "1-0"]
[WhiteElo "2489"]
[BlackElo "2390"]

1.e4 e6 2.d4 d5 3.Nd2 Be7 4.Ngf3 Nf6 5.e5 Nfd7 6.Bd3 c5 7.c3 Nc6 8.O-O Qb6
9.dxc5 Nxc5 10.Bc2 Nd7 11.Re1 Qc7 12.Qe2 g5 13.Ba4 Nc5 14.Bc2 Nd7 15.Ba4 Nc5
16.Bb5 a6 17.Bxc6+ bxc6 18.b4 Na4 19.Nb1 h6 20.Nd4 a5 21.b5 c5 22.Nc6 Bf8
23.c4 d4 24.Nd2 Bb7 25.Ne4 Bxc6 26.Nf6+ Ke7 27.bxc6 Qxc6 28.f4 gxf4 29.Bxf4 Bg7
30.Nh5 Rhg8 31.Bg3 Nc3 32.Qc2 Rab8 33.Nf6 Bxf6 34.exf6+ Kxf6 35.Bxb8 Rxb8
36.Qh7 Ke7 37.Rf1 Rf8 38.Rae1 Qa6 39.Qd3 Qc6 40.Rf2 a4 41.a3 Qd6 42.Qf5 Kd7
43.Qf6 h5 44.Qg7 Ke8 45.Rb2  1-0

[Event "Open A"]
[Site "Poznan POL"]
[Date "2003.07.09"]
[Round "3"]
[White "Przezdziecka,M"]
[Black "Olszewski,Ma"]
[Result "0-1"]
[WhiteElo "1975"]
[BlackElo "2210"]

1.e4 e6 2.d4 d5 3.Nd2 Nc6 4.Ngf3 Nf6 5.e5 Nd7 6.Bb5 a6 7.Bxc6 bxc6 8.Nb3 a5
9.Bd2 a4 10.Na5 Nb8 11.c4 Ba6 12.O-O dxc4 13.Re1 Bb5 14.Qc2 Nd7 15.Nxc4 Nb6
16.Na5 Qd7 17.Rac1 Be7 18.Nxc6 Bxc6 19.Qxc6 Qxc6 20.Rxc6 Kd7 21.Rec1 Nd5
22.Ne1 Rhb8 23.Nd3 Ra7 24.h3 Bb4 25.R6c2 Be7 26.f4 h5 27.g3 Rb6 28.Kf2 Rb8
29.Kf3 g6 30.Rh1 Rh8 31.Kg2 Raa8 32.Rcc1 Ra6 33.g4 hxg4 34.hxg4 Rxh1 35.Kxh1 Rc6
36.Kg2 Rxc1 37.Bxc1 Kc6 38.Kf3 Kb5 39.b3 a3 40.Bd2 Bb4 41.Bxb4 Nxb4 42.Nxb4 Kxb4
43.Ke2 Kc3 44.d5 exd5 45.f5 gxf5 46.gxf5 Kc2 47.e6  0-1

[Event "FSGM July"]
[Site "Budapest HUN"]
[Date "2003.07.10"]
[Round "6"]
[White "Shahade,J"]
[Black "Gunnarsson,J"]
[Result "0-1"]
[WhiteElo "2366"]
[BlackElo "2411"]

1.e4 e6 2.d4 d5 3.Nd2 Be7 4.Ngf3 Nf6 5.e5 Nfd7 6.c3 c5 7.Bd3 Nc6 8.O-O a5
9.Re1 g5 10.h3 h5 11.g4 hxg4 12.hxg4 cxd4 13.cxd4 Qb6 14.Nb1 Nxd4 15.Nc3 Rh3
16.Nh2 Nc6 17.Nb5 Ndxe5 18.Be3 d4 19.Bxd4 Nxd4 20.Rxe5 Bd7 21.Bf1 Rg3+ 22.fxg3 Ne2+
23.Kg2 Bc6+ 24.Nf3 Qg1+  0-1

[Event "13th S&WYM"]
[Site "Millfield School ENG"]
[Date "2003.07.10"]
[Round "2"]
[White "Jasny,S"]
[Black "Buckley,M"]
[Result "1-0"]
[WhiteElo "2319"]
[BlackElo "2130"]

1.e4 e6 2.d4 d5 3.Nd2 Be7 4.Bd3 c5 5.dxc5 Nf6 6.Qe2 O-O 7.Ngf3 a5 8.O-O Na6
9.e5 Nd7 10.Nb3 Ndxc5 11.Nxc5 Nxc5 12.Nd4 Bd7 13.Be3 Rc8 14.c3 Nxd3 15.Qxd3 Bc5
16.f4 Qb6 17.Qd2 Bb5 18.Rf3 Qa6 19.Re1 f5 20.exf6 Rxf6 21.f5 Bd3 22.Nxe6 Bxe3+
23.Rfxe3 Bxf5 24.Qxd5 Qc6 25.Nc7+ Kh8 26.Qxc6 bxc6 27.Ne8 Rf8 28.Nd6 Rcd8
29.Nxf5 Rxf5 30.Re8+ Rf8 31.Rxf8+ Rxf8 32.Re6 Rc8 33.Re7 Kg8 34.Ra7 Rd8 35.b4 Rd1+
36.Kf2 Rd2+ 37.Kf3 Rxa2 38.Rxa5 Rd2 39.Rc5 Rd6 40.Ke2 Kf7 41.Rc4 Rg6 42.g3 Ke7
43.Rd4 Rg5 44.Kd3 Ke6 45.c4 h6 46.c5 Rh5 47.h4 Rf5 48.Rd6+ Ke7 49.Ke4  1-0

[Event "1st Stage Russian Cup"]
[Site "Tomsk RUS"]
[Date "2003.07.10"]
[Round "7"]
[White "Pridorozhni,A"]
[Black "Lavrov,S"]
[Result "1-0"]
[WhiteElo "2485"]
[BlackElo "2414"]

1.e4 e6 2.d4 d5 3.Nd2 a6 4.Ngf3 c5 5.exd5 exd5 6.dxc5 Bxc5 7.Nb3 Ba7 8.Bd3 Qe7+
9.Qe2 Nc6 10.Bg5 f6 11.Bd2 Bg4 12.O-O Qxe2 13.Bxe2 Nge7 14.h3 Bf5 15.c3 Kf7
16.Rfe1 Rhe8 17.Rad1 Bc2 18.Rc1 Be4 19.Bf4 Ng6 20.Bd6 Nce5 21.Nxe5+ fxe5
22.Bc5 Nf4 23.Bf1 b5 24.g3 Ne6 25.Bxa7 Rxa7 26.h4 Rc7 27.f3 Bxf3 28.Rxe5 Be4
29.Bh3 Kf6 30.Rxe6+ Rxe6 31.Rf1+ Ke7 32.Bxe6 Kxe6 33.Nd4+ Ke7 34.Kf2 Rb7
35.Ke3 Rb6 36.g4 h6 37.b4 Rb7 38.Nb3 Rc7 39.Nc5 a5 40.a3 a4 41.Kd4 Bg2 42.Rg1 Be4
43.Ke5 Rc6 44.Re1 Rf6 45.Kd4 Rf3 46.Nxe4 dxe4 47.Kxe4 Rh3 48.Re3 Rxh4 49.Kd5+ Kd7
50.Kc5 Rxg4 51.Kxb5 h5 52.Rh3 h4 53.Ka6 Rg3 54.Rxh4 Rxc3 55.b5 Rxa3 56.b6 Rb3
57.Rxa4 Ke6 58.Ra5 Kd6 59.Rg5 Kc6 60.Rg6+ Kc5 61.Ka7  1-0

[Event "Open"]
[Site "Montpellier FRA"]
[Date "2003.07.12"]
[Round "6"]
[White "Degraeve,JM"]
[Black "Pert,N"]
[Result "1-0"]
[WhiteElo "2541"]
[BlackElo "2483"]

1.e4 e6 2.d4 d5 3.Nd2 Be7 4.Ngf3 Nf6 5.e5 Nfd7 6.Bd3 c5 7.c3 Nc6 8.O-O g5
9.dxc5 Ncxe5 10.Nxe5 Nxe5 11.Nb3 Nxd3 12.Qxd3 e5 13.Qe2 f6 14.Qh5+ Kf8 15.h4 Kg7
16.hxg5 fxg5 17.Re1 Bf6 18.Rxe5 Bxe5 19.Bxg5 Qe8 20.Bh6+ Kf6 21.Qg5+ Kf7
22.Re1 Rg8 23.Qh5+ Kf6 24.Qh4+ Kg6 25.Bf4 Bxf4 26.Rxe8 Rxe8 27.Qxf4 Bf5 28.Nd4 Rf8
29.Qg3+ Kh6 30.Qf4+ Kg6 31.Nf3 Kg7 32.Qe5+ Kh6 33.g4 Bg6 34.g5+ Kh5 35.Qh2+ Kg4
36.Qg3+ Kf5 37.Nd4+  1-0

[Event "1st Stage Russian Cup"]
[Site "Tomsk RUS"]
[Date "2003.07.12"]
[Round "9"]
[White "Salinnikov,D"]
[Black "Lavrov,S"]
[Result "1/2-1/2"]
[WhiteElo "2338"]
[BlackElo "2414"]

1.e4 e6 2.d4 d5 3.Nd2 Nc6 4.Ngf3 Nf6 5.e5 Nd7 6.Bb5 a6 7.Bxc6 bxc6 8.Nb3 c5
9.Bg5 Be7 10.Na5 Nxe5 11.Nxe5 Bxg5 12.Nac6 Qd6 13.Qh5 O-O 14.dxc5 Qxc5 15.Qxg5 f6
16.Qd2 fxe5 17.Nxe5 Rf5 18.f4 Rb8 19.O-O-O Qb6 20.b3 a5 21.g4 Rf8 22.h4 a4
23.h5 c5 24.h6 g6 25.Qc3 axb3 26.axb3 d4 27.Qg3 Bb7 28.Rhf1 Ba6 29.Nd7 Qa7
30.Nxb8 Bxf1 31.Nc6 Qa6 32.f5 Qxc6 33.Qe5 Qd7 34.Rxf1 exf5 35.Qxc5 Rc8 36.Qe5 Re8
37.Qc5  1/2-1/2

[Event "13th S&WYM"]
[Site "Millfield School ENG"]
[Date "2003.07.13"]
[Round "5"]
[White "Haslinger,S"]
[Black "Broomfield,M"]
[Result "1/2-1/2"]
[WhiteElo "2414"]
[BlackElo "2249"]

1.e4 e6 2.d4 d5 3.Nd2 Be7 4.Bd3 c5 5.dxc5 Nf6 6.Qe2 Nc6 7.Ngf3 Bxc5 8.O-O Qc7
9.a3 Bd7 10.b4 Nd4 11.Nxd4 Bxd4 12.Rb1 O-O 13.exd5 exd5 14.Nb3 Be5 15.f4 Bc3
16.Qf3 Bg4 17.Qg3 Rfe8 18.Be3 Rad8 19.h3 d4 20.Bxd4 Bxd4+ 21.Nxd4 Bxh3 22.Nb5 Qb6+
23.Qf2 Qxf2+ 24.Rxf2 Bg4 25.Nxa7 Ne4 26.Bxe4 Rxe4 27.Nb5 h5 28.a4 Rc4 29.c3 Rd3
30.Re1 Bd7 31.Re5 g6 32.Kf1 f6 33.Rc5 Rxc5 34.bxc5 Bxb5 35.axb5 Rxc3 36.Rd2 Rxc5
37.Rd8+ Kf7 38.Rd7+ Ke6 39.Rxb7 Rf5 40.g3 g5 41.Kg2 gxf4 42.gxf4 Rxf4 43.Rb8 Rb4
44.b6 Kf5 45.Kg3 Rb3+ 46.Kh4 Rb1 47.Kg3 Rg1+ 48.Kf3 h4 49.b7 Rb1 50.Rh8 Rb3+
51.Kf2 Rxb7 52.Rxh4 Rb2+ 53.Kf3 Rb3+ 54.Kf2 Kg5 55.Ra4 f5 56.Kg2 Rb5 57.Kg3 Rb3+
58.Kf2  1/2-1/2

[Event "103rd ch-SUI"]
[Site "Silvaplana SUI"]
[Date "2003.07.13"]
[Round "4"]
[White "Landenbergue,C"]
[Black "Antognini,F"]
[Result "1-0"]
[WhiteElo "2445"]
[BlackElo "2139"]

1.e4 e6 2.d4 d5 3.Nd2 Be7 4.Ngf3 Nf6 5.Bd3 c5 6.exd5 Qxd5 7.Bc4 Qh5 8.dxc5 Qxc5
9.Qe2 Qc7 10.Ne5 Nc6 11.Nxc6 bxc6 12.b3 O-O 13.Bb2 c5 14.Be5 Qa5 15.O-O Bb7
16.Bd3 Bd5 17.Nc4 Bxc4 18.Bxc4 Rad8 19.Bd3 Rd5 20.Bc4 Rdd8 21.Qf3 Nd5 22.Rad1 Bf6
23.Rxd5 exd5 24.Bxf6 dxc4 25.Qg4 g6 26.Qh4 Rd6 27.Be7 Rfd8 28.Qxc4 Qb4 29.Qxb4 cxb4
30.Bxd8 Rxd8 31.Rc1 Rd6 32.Kf1 Ra6 33.Ra1 Rc6 34.c4 bxc3 35.Rc1 a5 36.Ke2 Kg7
37.Kd3 Rb6 38.Rxc3 a4 39.bxa4 Rb2 40.Ra3 Rxf2 41.a5 Rxg2 42.a6 Rxh2 43.Ra5 Rh3+
44.Ke2  1-0

[Event "Open"]
[Site "Saint Lo FRA"]
[Date "2003.07.14"]
[Round "6"]
[White "Bodenez,V"]
[Black "Helstroffer,A"]
[Result "1-0"]
[WhiteElo "2133"]
[BlackElo "2158"]

1.e4 e6 2.d4 d5 3.Nd2 Nc6 4.Ngf3 Nf6 5.e5 Nd7 6.Bb5 a5 7.O-O Na7 8.Bd3 c5
9.c3 b5 10.Qe2 Be7 11.Rd1 O-O 12.Nf1 b4 13.Ng3 a4 14.cxb4 cxb4 15.Bc2 Nc6
16.Qd3 g6 17.Bh6 Re8 18.Qe3 f6 19.Rac1 fxe5 20.dxe5 Qb6 21.Qxb6 Nxb6 22.Bxg6 hxg6
23.Rxc6 Nc4 24.Rb1 b3 25.axb3 axb3 26.Ne2 Ra7 27.Be3 Nxe3 28.fxe3 Rb7 29.Nfd4 Bd7
30.Rc3 Reb8 31.Nf4 Bb4 32.Rd3 g5 33.Nfxe6 Be7 34.Rc3 Rc8 35.Rxc8+ Bxc8 36.Rc1 Bd7
37.Rc7 Rxc7 38.Nxc7 Ba3 39.Nxb3 Bxb2 40.Nd4 Ba3 41.e6 Bc8 42.Nxd5 Bc5 43.Kf2 Kg7
44.Kf3 Bb7 45.Ke4 Kg6 46.g4 Bd6 47.h3 Bg3 48.Nf5 Bh2 49.Kd4 Bc8 50.Nde7+  1-0

[Event "24th Open"]
[Site "Bled SLO"]
[Date "2003.07.15"]
[Round "2"]
[White "Perman,E"]
[Black "Pandurevic,M"]
[Result "0-1"]
[WhiteElo "2081"]
[BlackElo "2260"]

1.e4 e6 2.d4 d5 3.Nd2 Nc6 4.c3 e5 5.exd5 Qxd5 6.Ngf3 exd4 7.Bc4 Qh5 8.cxd4 Bg4
9.Qa4 Bd7 10.O-O Bd6 11.d5 Nd4 12.Qd1 Bg4 13.h3 Nxf3+ 14.Nxf3 Bxf3 15.Qxf3 Qxf3
16.gxf3 O-O-O 17.Be3 a6 18.Kh1 Ne7 19.Rg1 Be5 20.Rab1 Nxd5 21.Bg5 f6 22.Be3 g5
23.Bxg5 fxg5 24.Rxg5 Rhe8 25.Bxd5 Rxd5 26.f4 Rd2 27.fxe5 Rxf2 28.Rg7 h6 29.Rh7 Rxe5
30.Rxh6 Ree2 31.Rh8+ Kd7 32.Rh7+ Kc6 33.Rh6+ Kb5 34.Rh5+ Kb6 35.b4 Rh2+ 36.Kg1 Reg2+
37.Kf1 Rxa2 38.Kg1 Rag2+ 39.Kf1 Rg3 40.Re1 Rgxh3 41.Re6+ c6 42.Rf5 Rb2  0-1

[Event "ch-City"]
[Site "Tehran IRI"]
[Date "2003.07.16"]
[Round "5"]
[White "Doostkam,P"]
[Black "Darban,M"]
[Result "1-0"]
[WhiteElo "2232"]
[BlackElo "2341"]

1.e4 e6 2.d4 d5 3.Nd2 Be7 4.Bd3 Nf6 5.e5 Nfd7 6.c3 c5 7.Ndf3 Nc6 8.Ne2 O-O
9.O-O Qb6 10.Bc2 f5 11.Nf4 Nd8 12.h4 Qc7 13.g4 g6 14.gxf5 gxf5 15.Kh1 Rf7
16.Rg1+ Kf8 17.Be3 cxd4 18.Bxd4 Nb6 19.Ng5 Bxg5 20.Rxg5 Rg7 21.Qh5 Rxg5 22.Qxg5 Nc6
23.Rg1 Qf7 24.Bxf5  1-0

[Event "Open"]
[Site "Mariupol UKR"]
[Date "2003.07.18"]
[Round "8"]
[White "Kharchenko,B"]
[Black "Fingerov,D"]
[Result "0-1"]
[WhiteElo "2141"]
[BlackElo "2364"]

1.e4 e6 2.d4 d5 3.Nd2 Nc6 4.Ngf3 Nf6 5.e5 Nd7 6.Be2 f6 7.exf6 Qxf6 8.Nf1 e5
9.dxe5 Ndxe5 10.Qxd5 Be6 11.Qb5 O-O-O 12.N1d2 a6 13.Qa4 Nxf3+ 14.Bxf3 Rd4
15.c4 Qe5+ 16.Kf1 Bb4  0-1

[Event "Intel Pentium4"]
[Site "Milan ITA"]
[Date "2003.07.18"]
[Round "5"]
[White "Godena,M"]
[Black "Borgo,G"]
[Result "1-0"]
[WhiteElo "2517"]
[BlackElo "2423"]

1.e4 e6 2.d4 d5 3.Nd2 Nc6 4.Ngf3 Nf6 5.e5 Nd7 6.Be2 Na5 7.O-O c5 8.dxc5 Bxc5
9.Nb3 Be7 10.Nxa5 Qxa5 11.c3 O-O 12.Re1 Re8 13.Bd3 h6 14.Nd4 Qc7 15.Qh5 Bf8
16.Re3 Re7 17.Bd2 Nc5 18.Bc2 g6 19.Qh4 Re8 20.Rae1 Qe7 21.Qg3 Bd7 22.h4 Bg7
23.h5 g5 24.f4 gxf4 25.Qxf4 Kh8 26.Rg3 f6  1-0

[Event "KB Czech Open"]
[Site "Pardubice CZE"]
[Date "2003.07.18"]
[Round "1"]
[White "Moroz,A"]
[Black "Ortmann,D"]
[Result "1/2-1/2"]
[WhiteElo "2519"]
[BlackElo "2280"]

1.e4 e6 2.d4 d5 3.Nd2 Be7 4.Bd3 c5 5.dxc5 Nf6 6.Qe2 Nc6 7.Ngf3 Nb4 8.Nb3 Nxd3+
9.cxd3 a5 10.a4 b6 11.e5 Nd7 12.c6 Nc5 13.Nbd4 Ba6 14.Ra3 Ne4 15.Ra2 Bb4+
16.Kf1 O-O 17.Nb5 Nc5 18.Nfd4 f6 19.Bf4 fxe5 20.Bxe5 Qg5 21.g3 Nxd3 22.Qxd3 Qxe5
23.Kg2 Qf6 24.Qf3 Qe7 25.Qg4 Bc8 26.Qh4 Qf7 27.Qf4 Qh5 28.Qh4 Qf7 29.Qf4 Qh5
30.Qh4 Qf7  1/2-1/2

[Event "TCh-Europe u18"]
[Site "Balatonlelle HUN"]
[Date "2003.07.19"]
[Round "1"]
[White "Murariu,A"]
[Black "Bartel,Mat"]
[Result "0-1"]
[WhiteElo "2389"]
[BlackElo "2453"]

1.e4 e6 2.d4 d5 3.Nd2 Be7 4.Ngf3 Nf6 5.e5 Nfd7 6.Bd3 c5 7.c3 Nc6 8.O-O g5
9.dxc5 g4 10.Nd4 Ndxe5 11.Bb5 Bd7 12.Qe2 Bxc5 13.Nxc6 Nxc6 14.Qxg4 Qf6 15.Nb3 Bd6
16.f4 O-O-O 17.Be3 Rhg8 18.Qf3 Rg6 19.Rf2 Rdg8 20.Rd1 a6 21.Bf1 Qe7 22.c4 dxc4
23.Bxc4 e5 24.f5 e4 25.Qh5 Rf6 26.Bg5 Ne5 27.Bxf6 Qxf6 28.Bd5 Ng4 29.Rc2+ Kb8
30.Bxe4 Rg5 31.Qh4 Ne3 32.Rxd6 Rxg2+ 33.Bxg2 Qxh4 34.Re2 Nxg2 35.Rxd7 Nf4
36.Re8+ Ka7 37.Ree7 Qg4+ 38.Kf2 Qg2+ 39.Ke1 Qg1+ 40.Kd2 Qxh2+ 41.Ke3 Ng2+
42.Kd4 Qf4+ 43.Kc3 Qf3+ 44.Kb4 Ne3 45.Rxf7 Qe4+ 46.Nd4 Ka8 47.Rf8+ Ka7 48.Rff7 Ka8
49.f6 Nd5+ 50.Kc5 Nxf6 51.Rd8+ Ka7 52.Kc4 Ng4 53.Rg7 Ne5+ 54.Kc5 Nd3+ 55.Kc4 Nxb2+
56.Kc3 Na4+ 57.Kb3 Nc5+ 58.Kc4 h5 59.Rd6 h4 60.Rc7 h3 61.Rh6 Qd3+ 62.Kd5 Ne4
63.Rd7 h2 64.Rg7 Nf6+ 65.Ke5 Qe4+ 66.Kxf6 Qxd4+  0-1

[Event "24th Open"]
[Site "Bled SLO"]
[Date "2003.07.19"]
[Round "8"]
[White "Zorko,Ju"]
[Black "Pandurevic,M"]
[Result "1-0"]
[WhiteElo "2219"]
[BlackElo "2260"]

1.e4 e6 2.d4 d5 3.Nd2 Nc6 4.Ngf3 Nf6 5.e5 Nd7 6.Nb3 f6 7.Bb5 fxe5 8.dxe5 Be7
9.O-O O-O 10.Bxc6 bxc6 11.Na5 Nb8 12.c4 Bd7 13.Be3 Bb4 14.Bd2 Bxd2 15.Qxd2 Be8
16.Nd4 dxc4 17.Qc3 Qd5 18.Rad1 Qxe5 19.Rde1 Qd6 20.Nxe6 Rf7 21.Nxg7 Bd7 22.Ne8 Bxe8
23.Rxe8+ Rf8 24.Qxc4+ Qd5 25.Qg4+ Kf7 26.Rxf8+ Kxf8 27.Qc8+ Kf7 28.Qb7 Qxa5
29.Qxa8 Qb6 30.b4 Ke7 31.a4 a6 32.Rb1 Kd8 33.a5 Qb5 34.Qa7  1-0

[Event "KB Czech Open"]
[Site "Pardubice CZE"]
[Date "2003.07.19"]
[Round "2"]
[White "Shanava,K"]
[Black "Gurevich,M"]
[Result "1/2-1/2"]
[WhiteElo "2415"]
[BlackElo "2644"]

1.e4 e6 2.d4 d5 3.Nd2 a6 4.Ngf3 c5 5.exd5 exd5 6.Be2 c4 7.O-O Bd6 8.b3 cxb3
9.axb3 Ne7 10.Re1 O-O 11.Nf1 Nbc6 12.Ng3 Nf5 13.c3 Nxg3 14.hxg3 Bf5 15.Bd3 Qd7
16.Bf4 Bxd3 17.Qxd3 Rfe8 18.Ng5 g6 19.Bxd6 Qxd6 20.Qf3 Qd7 21.Nh3 Rad8 22.Nf4 Rxe1+
23.Rxe1 h5 24.Nd3 Kg7 25.Re3 b6 26.Qf4 Qd6 27.Ne5 Nxe5 28.dxe5 Qe6 29.Qd4 Re8  1/2-1/2

[Event "KB Czech Open"]
[Site "Pardubice CZE"]
[Date "2003.07.19"]
[Round "2"]
[White "Petrik,T"]
[Black "Vysochin,S"]
[Result "0-1"]
[WhiteElo "2407"]
[BlackElo "2560"]

1.e4 e6 2.d4 d5 3.Nd2 Nc6 4.Ngf3 Nf6 5.e5 Nd7 6.Nb3 Be7 7.Be2 O-O 8.O-O a5
9.a4 f6 10.exf6 Bxf6 11.c4 Nb6 12.c5 Nd7 13.Be3 e5 14.dxe5 Ndxe5 15.Nxe5 Bxe5
16.Bf3 Be6 17.Nd4 Qh4 18.g3 Nxd4 19.gxh4 Nxf3+ 20.Kg2 d4 21.Bc1 Nxh4+ 22.Kg1 Nf3+
23.Kg2 Bd5 24.Ra3 Rf6 25.Kh3 Raf8 26.Re1 Be6+ 27.Kg2 Rg6+ 28.Kh1 Nxe1  0-1

[Event "25th Politiken Cup"]
[Site "Copenhagen DEN"]
[Date "2003.07.20"]
[Round "7"]
[White "Poulsen,Mo"]
[Black "Lund,E"]
[Result "1/2-1/2"]
[WhiteElo "2079"]
[BlackElo "2283"]

1.e4 e6 2.d4 d5 3.Nd2 Be7 4.Ngf3 dxe4 5.Nxe4 Nd7 6.g3 Ngf6 7.Nxf6+ Bxf6 8.Bg2 O-O
9.O-O c5 10.Be3 Qc7 11.c3 Re8 12.Qe2 cxd4 13.Nxd4 a6 14.Rfd1 Nb6 15.Nb3 Bd7
16.Qh5 Nc4 17.Qe2 Rac8 18.Bd4  1/2-1/2

[Event "MTO"]
[Site "Biel SUI"]
[Date "2003.07.21"]
[Round "1"]
[White "Arizmendi Martinez,J"]
[Black "Astengo,C"]
[Result "1-0"]
[WhiteElo "2521"]
[BlackElo "2170"]

1.e4 e6 2.d4 d5 3.Nd2 Nc6 4.Ngf3 Nf6 5.e5 Nd7 6.Nb3 f6 7.Bb5 Be7 8.O-O O-O
9.Re1 f5 10.Bd2 Ncb8 11.Bd3 c5 12.dxc5 Nxc5 13.Nxc5 Bxc5 14.c4 Qb6 15.Qe2 dxc4
16.Bxc4 Nc6 17.Bc3 Bd7 18.Rad1 Qc7 19.Ng5 Rae8 20.Rd6 Bxd6 21.Qh5 h6 22.Qg6 hxg5
23.exd6  1-0

[Event "KB Czech Open"]
[Site "Pardubice CZE"]
[Date "2003.07.22"]
[Round "5"]
[White "Grigoriants,S RUS"]
[Black "Eryomenko,V"]
[Result "1-0"]
[WhiteElo "2499"]
[BlackElo "2394"]

1.e4 e6 2.d4 d5 3.Nd2 a6 4.Ngf3 c5 5.exd5 exd5 6.dxc5 Bxc5 7.Nb3 Bb6 8.Qe2+ Ne7
9.Be3 Bxe3 10.Qxe3 O-O 11.Be2 Nbc6 12.O-O Nf5 13.Qd2 Be6 14.Rad1 Qf6 15.c3 Rfd8
16.Nbd4 Nd6 17.Qg5 Qxg5 18.Nxg5 Bf5 19.Nxf5 Nxf5 20.Bd3 Nce7 21.Rfe1 h6 22.Nf3 Kf8
23.Re5 Ng6 24.Ree1  1-0

[Event "ch-GBR"]
[Site "Edinburgh SCO"]
[Date "2003.07.23"]
[Round "9"]
[White "Shaw,J"]
[Black "Singh,G"]
[Result "1/2-1/2"]
[WhiteElo "2480"]
[BlackElo "2293"]

1.e4 e6 2.d4 d5 3.Nd2 Nc6 4.Ngf3 Nf6 5.e5 Nd7 6.c3 f6 7.Bb5 Be7 8.O-O O-O
9.Re1 fxe5 10.dxe5 Bc5 11.Bxc6 bxc6 12.Nb3 Be7 13.Nfd4 Nb8 14.Qg4 Qe8 15.Re3 c5
16.Rg3 Qf7 17.Nf3 Kh8 18.Bg5 Nd7 19.Re1 Bxg5 20.Qxg5 c4 21.Nbd4 Nc5 22.Qe3 Ne4
23.Ng5 Nxg5 24.Rxg5 Bd7 25.Nf3 Qe7 26.Nh4 Rab8 27.Re2 Rb6 28.f4 c5 29.Qh3 Be8
30.Qg4 h6 31.Ng6+ Bxg6 32.Rxg6 Qf7 33.h4 Qxf4 34.Rxg7 Qf1+ 35.Kh2 Qf4+ 36.Kh3 Qxg4+
37.Rxg4 Rfb8 38.Rg6 Kh7 39.h5 Rg8 40.Rf6 Rg7 41.g4 Rgb7 42.Rff2 Kg7 43.g5 hxg5
44.Kg4 Kh6 45.Rf6+ Kh7 46.Kxg5 Rxb2 47.Rxb2 Rxb2 48.Rf7+ Kg8 49.Rc7 Rxa2
50.Kf6 Rc2 51.h6 d4 52.h7+ Kh8 53.Kg6  1/2-1/2

[Event "KB Czech Open"]
[Site "Pardubice CZE"]
[Date "2003.07.23"]
[Round "6"]
[White "Potkin,V"]
[Black "Vysochin,S"]
[Result "1-0"]
[WhiteElo "2518"]
[BlackElo "2560"]

1.e4 e6 2.d4 d5 3.Nd2 Nc6 4.Ngf3 Nf6 5.e5 Nd7 6.Bd3 Nb4 7.Be2 c5 8.c3 Nc6
9.O-O cxd4 10.cxd4 Nb6 11.Nb3 Be7 12.Bf4 Nc4 13.Qc1 N6a5 14.Nc5 b6 15.Nd3 Bd7
16.Bg5 Rc8 17.Qf4 Nxb2 18.Nxb2 Rc2 19.Bd3 Rxb2 20.Rfc1 Bc6 21.Bxe7 Kxe7 22.Rxc6 Nxc6
23.Qc1 Rb4 24.Qxc6 Qd7 25.Qc3 Ra4 26.Qb3 a6 27.Qxb6 Rc8 28.h4 Rc3 29.Bxh7 Qc7
30.Qb2 g6 31.Qd2 Rac4 32.h5 gxh5 33.Qg5+ Kd7 34.Qxh5 Kc6 35.Bg8 Rc1+ 36.Rxc1 Rxc1+
37.Kh2 Rc2 38.Bxf7 Rxa2 39.Bxe6 Rxf2 40.Qe8+ Kb6 41.Bxd5 a5 42.Qg6+ Ka7 43.Qf7 Qxf7
44.Bxf7 a4 45.e6 Re2 46.Ne5  1-0

[Event "KB Czech Open"]
[Site "Pardubice CZE"]
[Date "2003.07.24"]
[Round "7"]
[White "Gunnarsson,J"]
[Black "Totsky,L"]
[Result "0-1"]
[WhiteElo "2411"]
[BlackElo "2505"]

1.e4 e6 2.d4 d5 3.Nd2 Be7 4.Ngf3 Nf6 5.Bd3 c5 6.exd5 Qxd5 7.dxc5 Nbd7 8.Nb3 Nxc5
9.Nxc5 Qxc5 10.Qe2 O-O 11.Be3 Qa5+ 12.Bd2 Qd5 13.c4 Qh5 14.O-O-O b5 15.cxb5 Bb7
16.Kb1 Rfd8 17.Ka1 Bxf3 18.gxf3 Nd5 19.Be4 Rab8 20.Ba5 Nf4 21.Qe3 Qxb5 22.Bc3 Rdc8
23.Rhg1 Ng6 24.Rd2 Bc5 25.Qe2 Qxe2 26.Rxe2 Rd8 27.h4 Bd4 28.Bxd4 Rxd4 29.h5 Nf4
30.Rc2 Nxh5 31.Rc7 Nf6 32.Rxa7 Nxe4 33.fxe4 Rxe4 34.Rc7 h5 35.Rc5 Re2 36.b3 h4
37.Rh5 Rb4 38.Rh1 Rxf2 39.R5xh4 Rxh4 40.Rxh4 f5 41.a4 g5 42.Rh5 g4 43.a5 Kf7
44.a6 Rd2 45.Rh8 g3 46.a7 g2 47.Rg8 Kxg8 48.a8=Q+ Kf7 49.Qa7+ Kf6 50.Qg1 f4
51.Kb1 f3 52.Kc1 Re2 53.Qd4+ e5 54.Qh4+ Kf5 55.Qg3 g1=Q+ 56.Qxg1 f2  0-1

[Event "TCh-Europe u18"]
[Site "Balatonlelle HUN"]
[Date "2003.07.25"]
[Round "6"]
[White "Navara,D"]
[Black "Bartel,Mat"]
[Result "1/2-1/2"]
[WhiteElo "2608"]
[BlackElo "2453"]

1.e4 e6 2.d4 d5 3.Nd2 Be7 4.Bd3 c5 5.dxc5 Nd7 6.exd5 exd5 7.Ngf3 Nxc5 8.Nb3 Nxd3+
9.Qxd3 Nf6 10.O-O O-O 11.Bg5 a5 12.Nbd4 Qb6 13.Qb3 Qc5 14.a4 h6 15.Be3 Qb4
16.Rfe1 Qxb3 17.Nxb3 Be6 18.Bb6 Ra6 19.Bc5 Bxc5 20.Nxc5 Rc6 21.Nxe6 fxe6
22.Nd4 Rb6 23.Rab1 Re8 24.c3 Ne4 25.Red1 Nc5 26.b4 Nxa4 27.bxa5 Ra6 28.Rxb7 Rxa5
29.Ra1 Raa8 30.h4 e5 31.Nb5 Nc5 32.Rxa8 Rxa8 33.Re7 Nd3 34.Nc7 Ra1+ 35.Kh2 d4
36.cxd4 exd4 37.Ne6 Nxf2 38.Nxd4 Ra3 39.g3 Ng4+ 40.Kg2 g6 41.Ne6 Ne3+ 42.Kf2 Nf5
43.Rb7 Rxg3  1/2-1/2

[Event "25th Politiken Cup"]
[Site "Copenhagen DEN"]
[Date "2003.07.25"]
[Round "11"]
[White "Paaske,A"]
[Black "Lund,E"]
[Result "0-1"]
[WhiteElo "2162"]
[BlackElo "2283"]

1.e4 e6 2.d4 d5 3.Nd2 Be7 4.Ngf3 Nf6 5.Bd3 c5 6.dxc5 dxe4 7.Nxe4 Nxe4 8.Bxe4 Qxd1+
9.Kxd1 Bxc5 10.Ke2 Nd7 11.Be3 Bxe3 12.Kxe3 Nc5 13.Nd2 Nxe4 14.Nxe4 Ke7 15.Rhd1 Bd7
16.f4 Rhd8 17.Rd2 Bc6 18.Rad1 Rxd2 19.Rxd2 h6 20.g3 Rg8 21.Nd6 g5 22.fxg5 hxg5
23.Nc4 Rh8 24.Ne5 Be8 25.Rf2 f6 26.Ng4 Rf8 27.c4 Bh5 28.h3 Bg6 29.Rd2 Rc8
30.b3 a6 31.a4 a5 32.Nf2 Rh8 33.Kd4 Rd8+ 34.Kc3 Rxd2 35.Kxd2 Kd6 36.Nd1 Bf5
37.h4 gxh4 38.gxh4 Bg6 39.Kc3 f5 40.b4 axb4+ 41.Kxb4 f4 42.a5 e5 43.Nf2 e4
44.h5 Bf5 45.Kc3 e3 46.Nd3 f3 47.c5+ Kc7 48.Nb4 Be4 49.h6 f2 50.h7 f1=Q 51.h8=Q Qa1+  0-1

[Event "ch-GBR"]
[Site "Edinburgh SCO"]
[Date "2003.07.25"]
[Round "11"]
[White "Mannion,S"]
[Black "Broomfield,M"]
[Result "1-0"]
[WhiteElo "2339"]
[BlackElo "2249"]

1.e4 e6 2.d4 d5 3.Nd2 Be7 4.e5 c5 5.Qg4 g5 6.dxc5 Nc6 7.Bb5 Bd7 8.Bxc6 Bxc6
9.Ngf3 h5 10.Qg3 Nh6 11.Nd4 h4 12.Qd3 Qc7 13.Qe2 Bxc5 14.N2b3 Be7 15.Bd2 Bd7
16.O-O-O O-O-O 17.Ba5 b6 18.Bc3 Kb8 19.Kb1 Rc8 20.Rhe1 Qd8 21.Rd3 Qg8 22.g4 hxg3
23.hxg3 Qg6 24.Qd2 Rc4 25.Nc1 Nf5 26.Nce2 Rh2 27.Rf1 f6 28.Nf3 Rh7 29.exf6 Bxf6
30.Be5+ Kb7 31.b3 g4 32.bxc4 gxf3 33.Nf4 Qg7 34.Bxf6 Qxf6 35.Re1 Bc8 36.cxd5 e5
37.Ne6 Nd6 38.Qc3 Bxe6 39.Qc6+  1-0

[Event "IV CMA Futurity"]
[Site "Toronto CAN"]
[Date "2003.07.27"]
[Round "4"]
[White "Wang,H"]
[Black "Arencibia,W"]
[Result "0-1"]
[WhiteElo "2226"]
[BlackElo "2522"]

1.e4 e6 2.d4 d5 3.Nd2 Be7 4.Bd3 c5 5.dxc5 Nf6 6.exd5 Qxd5 7.Ngf3 Nbd7 8.Nb3 Nxc5
9.Nxc5 Qxc5 10.O-O O-O 11.Qe2 b6 12.b3 Bb7 13.Bb2 Rad8 14.Ne5 Qd5 15.f4 Bc5+
16.Kh1 Bd4 17.Bxd4 Qxd4 18.Rad1 Qc3 19.Rde1 g6 20.Qf2 Kg7 21.Qh4 Rd4 22.Re3 Qd2
23.Re2 Rxd3 24.Rxd2 Rxd2 25.Nf3 Rxc2 26.a4 Bxf3 27.gxf3 Rd8 28.Rf2 Rd1+ 29.Kg2 Rcc1
30.f5 Rg1+ 31.Kh3 Rc5 32.Rg2 Rf1 33.Rf2 Rd1 34.Kg2 Rxf5 35.f4  0-1